00496nam a2200193 a 4500001001300000003000900013005001700022008004100039020000900080082001700089100001900106245003100125260003900156300000900195500003500204505002300239650002100262700001900283nice12345678IN_TiNIC20260116015116.0050524s2000 chea grp 000 0 eng  ac2000a491.439bGAN aGanathe, N S R aLearn Urdu in Thirty Days. aChennaibBalaji Publicationsc2000 a160p aincludes index and biblioraphy2 aXerox copy -bound. aUrdu-Coursr Book1 aGanathe, N S R